Online
Catalog

Los "gavilleros" del este una epopeya calumniada / (Record no. 26122)

MARC details
000 -CABECERA
campo de control de longitud fija 02001nam a2200349 i 4500
001 - NÚMERO DE CONTROL
campo de control 000026630
003 - IDENTIFICADOR DEL NÚMERO DE CONTROL
campo de control DO-SdBNP
005 - FECHA Y HORA DE LA ÚLTIMA TRANSACCIÓN
campo de control 20260516003557.0
007 - CAMPO FIJO DE DESCRIPCIÓN FÍSICA--INFORMACIÓN GENERAL
campo de control de longitud fija ta
008 - DATOS DE LONGITUD FIJA--INFORMACIÓN GENERAL
campo de control de longitud fija 110324s1976 dr a 000 0 spa d
040 ## - FUENTE DE LA CATALOGACIÓN
Centro catalogador/agencia de origen DO-SdBNP
Lengua de catalogación spa
Centro/agencia transcriptor BNPHU
Normas de descripción rda
041 ## - CÓDIGO DE LENGUA
Código de lengua del texto/banda sonora o título independiente spa
082 #4 - NÚMERO DE LA CLASIFICACIÓN DECIMAL DEWEY
Número de clasificación 972.93052
Número de documento/Ítem D637g
Número de edición 22
100 1# - ENTRADA PRINCIPAL--NOMBRE DE PERSONA
Nombre de persona Ducoudray, Félix Servio,
Fechas asociadas al nombre 1924-1989,
Término indicativo de función/relación autor
Código de función/relación aut.
9 (RLIN) 53735
245 14 - MENCIÓN DE TÍTULO
Título Los "gavilleros" del este una epopeya calumniada /
Mención de responsabilidad, etc. Félix Servio Docoudray.
264 #4 - PRODUCCIÓN, PUBLICACIÓN, DISTRIBUCIÓN, FABRICACIÓN Y COPYRIGHT
Producción, publicación, distribución, fabricación y copyright Santo Domingo, República Dominicana :
Nombre del de productor, editor, distribuidor, fabricante Editora Cultural Dominicana,
Fecha de producción, publicación, distribución, fabricación o copyright ©1976.
300 ## - DESCRIPCIÓN FÍSICA
Extensión 104 páginas :
Otras características físicas ilustraciones ;
Dimensiones 21 cm.
336 ## - TIPO DE CONTENIDO
Término de tipo de contenido texto
Código de tipo de contenido txt
Fuente rdacontent
337 ## - TIPO DE MEDIO
Nombre/término del tipo de medio sin mediación
Código del tipo de medio n
Fuente rdamedia
338 ## - TIPO DE SOPORTE
Nombre/término del tipo de soporte volumen
Código del tipo de soporte nc
Fuente rdacarrier
490 1# - MENCIÓN DE SERIE
Mención de serie Publicaciones de la Universidad Autónoma de Santo Domingo;
Designación de volumen o secuencia 195
490 1# - MENCIÓN DE SERIE
Mención de serie Historia y sociedad;
Designación de volumen o secuencia 23
505 0# - NOTA DE CONTENIDO CON FORMATO
Nota de contenido con formato Presentación --
Título Una epopeya calumniada --
-- No olvidemos el 1916 --
-- La cédula que implantaron los yanquis --
-- El modo de vida americano --
-- "!Que blancos tan salvajes¡" --
-- Una vieja infamia del Central Romana --
-- ¿Eran bandidos los "gavilleros"? --
-- La guerra de los pedaneos --
-- La otra cara de la guerrilla --
-- Ramón Natera --
-- La emboscada del posta --
-- Una entrevista con Ramón Batia, guerrillero de 1916 --
-- Demografía guerrilera del 1916 y un pedido a los vivos --
-- Movilis Gil, guerrillero haitiano de 1916 --
-- Los complices del invasor --
-- Cabo Gil se presentará mañana a las autoridades del Seibo --
-- Anónimo dominicano.
590 ## - NOTA LOCAL (RLIN)
Nota local Inventariado, 2025/BT
650 #4 - PUNTO DE ACCESO ADICIONAL DE MATERIA--TÉRMINO DE MATERIA
Término de materia o nombre geográfico como elemento de entrada Diarios dominicanos
Subdivisión general Secciones, columnas, etc.
9 (RLIN) 44
651 #4 - PUNTO DE ACCESO ADICIONAL DE MATERIA--NOMBRE GEOGRÁFICO
Nombre geográfico Estados Unidos
Subdivisión general Relaciones con República Dominicana
9 (RLIN) 1927
710 2# - PUNTO DE ACCESO ADICIONAL--NOMBRE DE ENTIDAD CORPORATIVA
Nombre de entidad corporativa o nombre de jurisdicción como elemento de entrada Universidad Autónoma de Santo Domingo
9 (RLIN) 72951
730 0# - PUNTO DE ACCESO ADICIONAL--TÍTULO UNIFORME
Título uniforme El Nacional (República Dominicana)
9 (RLIN) 23260
830 ## - PUNTO DE ACCESO ADICIONAL DE SERIE-TÍTULO UNIFORME
Título uniforme Publicaciones de la Universidad Autónoma de Santo Domingo
Designación de volumen o secuencia 195
Nombre de parte o sección de la obra Historia y sociedad
Número de parte o sección de la obra 23
9 (RLIN) 52
910 ## - DATOS DE OPCIÓN DEL USUARIO (OCLC)
Datos de opción del usuario Validado. Control de calidad EMS
942 ## - ELEMENTOS DE PUNTO DE ACCESO ADICIONAL (KOHA)
Fuente del sistema de clasificación o colocación Dewey Decimal Classification
Tipo de ítem Koha Libro
Holdings
Estado de retiro Estado de pérdida Fuente del sistema de clasificación o colocación Restricciones de uso No para préstamo Código de colección Localización permanente Ubicación/localización actual Ubicación en estantería Fecha de adquisición Total de préstamos Signatura topográfica completa Código de barras Fecha visto por última vez Precio válido a partir de Tipo de ítem Koha Fuente de adquisición Número de copia Nota pública
    Dewey Decimal Classification Excluido de préstamo   Patrimonio Dominicano Biblioteca Nacional Pedro Henríquez Ureña Biblioteca Nacional Pedro Henríquez Ureña Depósito 24.03.2011   BNPHU PD 972.93052 D637g 26630-10 25.06.2020 25.06.2020 Libro      
    Dewey Decimal Classification Excluido de préstamo   Patrimonio Dominicano Biblioteca Nacional Pedro Henríquez Ureña Biblioteca Nacional Pedro Henríquez Ureña Depósito 10.04.2012   BNPHU PD 972.93052 D637g 26630-20 25.06.2020 25.06.2020 Libro Donación e.2 Perteneció a la biblioteca personal de Aída Cartagena Portalatín.
    Dewey Decimal Classification Préstamo en sala   Dominicana de Servicio Biblioteca Nacional Pedro Henríquez Ureña Biblioteca Nacional Pedro Henríquez Ureña Depósito 10.06.2013   BNPHU DS 972.93052 D637g 26630-30 25.06.2020 25.06.2020 Libro Donado por FUNDI e.3  
    Dewey Decimal Classification Préstamo en sala   Dominicana de Servicio Biblioteca Nacional Pedro Henríquez Ureña Biblioteca Nacional Pedro Henríquez Ureña Depósito 18.06.2015   BNPHU DS 972.93052 D637g 26630-40 25.06.2020 25.06.2020 Libro Donación e.4 Donado por Erick Landestoy
    Dewey Decimal Classification Préstamo en sala   Dominicana de Servicio Biblioteca Nacional Pedro Henríquez Ureña Biblioteca Nacional Pedro Henríquez Ureña Depósito 01.09.2025   BNPHU DS 972.93052 D637g 2025-9189 01.09.2025 01.09.2025 Libro Donado por el Ministerio de la Mujer e.5  

Powered by Koha